Find the odd flag out - Statistics

General Stats
  • This quiz has been taken 49 times
  • The average score is 8 of 10
Answer Stats
Question Answer % Correct
Asian countries
100%
European countries
100%
South American countries
100%
North American countries
100%
Countries that start with the letter 'S'
86%
Islands in Oceania
86%
Asian countries
86%
Countries that start with the letter 'G'
57%
Countries exclusive to a solitary continent
43%
European countries
29%
No matching quizzes found
Score Distribution
Percent of People with Each Score
Percentile by Number Answered
Your Score History
You have not taken this quiz